[Event "XXV Festival Conca della Presolana A"]
[Site "Bratto - Castione della Presolana ITA"]
[Date "2005.08.27"]
[Round "8"]
[White "Alberton, Roberto"]
[Black "Simonini, Roberto"]
[Result "1-0"]
[WhiteElo "2108"]
[BlackElo "2065"]
[PlyCount "77"]
[EventDate "2005.08.20"]

1. e4 e5 2. Nf3 Nf6 3. d3 Nc6 4. c3 a5 5. b3 d5 6. Nbd2 Bd6 7. Be2 O-O 8. O-O
b6 9. Re1 Re8 10. a3 Bf8 11. Bb2 g6 12. Qc2 Bg7 13. b4 Bb7 14. b5 Na7 15. a4 c5
16. bxc6 Bxc6 17. Bf1 b5 18. axb5 Nxb5 19. c4 dxc4 20. Nxc4 Nd7 21. Ra2 Re6 22.
Rea1 g5 23. Rxa5 Rc8 24. Qd1 g4 25. Ne1 Qh4 26. g3 Qh5 27. Ne3 f5 28. Nxf5 Rf8
29. Bg2 Nd6 30. Nxg7 Kxg7 31. f4 Rh6 32. h4 Rxf4 33. gxf4 Qxh4 34. Qd2 Nf5 35.
exf5 Qh2+ 36. Kf1 Bxg2+ 37. Nxg2 Qh1+ 38. Kf2 g3+ 39. Ke3 1-0

[Event "XXV Festival Conca della Presolana A"]
[Site "Bratto - Castione della Presolana ITA"]
[Date "2005.08.27"]
[Round "8"]
[White "Brancaleoni, Maurizio"]
[Black "Hunt, Adam C."]
[Result "0-1"]
[WhiteElo "2314"]
[BlackElo "2427"]
[PlyCount "74"]
[EventDate "2005.08.20"]

1. d4 Nf6 2. c4 g6 3. Nc3 Bg7 4. e4 d6 5. Nge2 O-O 6. Ng3 e5 7. d5 c6 8. Be2
cxd5 9. cxd5 Ne8 10. O-O Nd7 11. Be3 f5 12. exf5 gxf5 13. Nh5 f4 14. Bd2 Ndf6
15. Bd3 Kh8 16. Nxf6 Nxf6 17. Rc1 Rg8 18. Kh1 Bh6 19. f3 Nh5 20. Ne4 Ng3+ 21.
Nxg3 fxg3 22. hxg3 Rxg3 23. Rf2 Qh4+ 24. Kg1 Bh3 25. Rc4 Qh5 26. Rc7 Bxd2 27.
Qxd2 Bf5 28. Bxf5 Qxf5 29. Qc2 Qh3 30. Rxb7 Rag8 31. Rxa7 Qh6 32. Qf5 Rh3 33.
Kf1 Rh5 34. Qd3 Qc1+ 35. Ke2 Rh1 36. Qc3 Qd1+ 37. Ke3 Re1+ 0-1

[Event "XXV Festival Conca della Presolana A"]
[Site "Bratto - Castione della Presolana ITA"]
[Date "2005.08.27"]
[Round "8"]
[White "Bresciani, Nicola"]
[Black "Bonanno, Alessandro"]
[Result "1-0"]
[WhiteElo "2289"]
[BlackElo "2132"]
[PlyCount "67"]
[EventDate "2005.08.20"]

1. e4 c5 2. Nf3 Nc6 3. d4 cxd4 4. Nxd4 Nf6 5. Nc3 e5 6. Ndb5 d6 7. Bg5 a6 8.
Na3 b5 9. Nd5 Be7 10. Bxf6 Bxf6 11. c3 Bg5 12. Nc2 Rb8 13. a4 bxa4 14. Ncb4 Bd7
15. Bxa6 Nxb4 16. Nxb4 O-O 17. O-O Be7 18. Qe2 Kh8 19. Bd3 g6 20. Rfd1 f5 21.
exf5 gxf5 22. Bc2 Qa5 23. Rd5 Qa8 24. Qd1 Rxb4 25. cxb4 Bc6 26. Rd3 Rg8 27. Rg3
f4 28. Qh5 e4 29. Rxg8+ Qxg8 30. Bxa4 Qa8 31. b5 Be8 32. Qd1 Qd8 33. b6 Bxa4
34. Qxa4 1-0

[Event "XXV Festival Conca della Presolana A"]
[Site "Bratto - Castione della Presolana ITA"]
[Date "2005.08.27"]
[Round "8"]
[White "Brigati, Alessandro"]
[Black "Papa, Angelo"]
[Result "1-0"]
[WhiteElo "2034"]
[BlackElo "1932"]
[PlyCount "81"]
[EventDate "2005.08.20"]

1. Nf3 d6 2. d4 Nf6 3. Bf4 Nh5 4. Bg5 h6 5. Bh4 g5 6. Bg3 Bg7 7. e3 Bf5 8. Bd3
Bxd3 9. Qxd3 c5 10. Nc3 Qa5 11. Qb5+ Qxb5 12. Nxb5 Na6 13. O-O-O Nxg3 14. hxg3
O-O 15. c3 Rfc8 16. g4 Nc7 17. Nxc7 Rxc7 18. Kb1 b5 19. dxc5 dxc5 20. Rd5 e6
21. Rd2 Kf8 22. Rhd1 Ke7 23. Ng1 b4 24. c4 a5 25. Ne2 a4 26. Ng3 Raa7 27. Ne4
Be5 28. Rd3 f5 29. gxf5 exf5 30. Rd5 Bxb2 31. Nxc5 Bc3 32. Rxf5 a3 33. Kc2 Ra5
34. Rdd5 Raxc5 35. Rxc5 Rd7 36. Rcd5 Rc7 37. Kb3 Ke6 38. Rb5 Be1 39. f3 Bc3 40.
e4 Rd7 41. Rfd5 1-0

[Event "XXV Festival Conca della Presolana A"]
[Site "Bratto - Castione della Presolana ITA"]
[Date "2005.08.27"]
[Round "8"]
[White "Brunner, Nicolas"]
[Black "Mazzilli, Piero"]
[Result "1/2-1/2"]
[WhiteElo "2386"]
[BlackElo "2341"]
[PlyCount "24"]
[EventDate "2005.08.20"]

1. e4 c5 2. Nf3 d6 3. d4 Nf6 4. Nc3 cxd4 5. Nxd4 a6 6. Bc4 e6 7. Bb3 b5 8. O-O
Bb7 9. Re1 Nbd7 10. Bg5 Nc5 11. Qf3 Be7 12. Rad1 O-O 1/2-1/2

[Event "XXV Festival Conca della Presolana A"]
[Site "Bratto - Castione della Presolana ITA"]
[Date "2005.08.27"]
[Round "8"]
[White "Cardili, Mariano"]
[Black "Scotti, Umberto"]
[Result "1/2-1/2"]
[WhiteElo "2076"]
[BlackElo "2158"]
[PlyCount "113"]
[EventDate "2005.08.20"]

1. d4 d5 2. c4 c6 3. Nc3 Nf6 4. Nf3 e6 5. cxd5 exd5 6. Bg5 Be7 7. Qc2 O-O 8. e3
Nbd7 9. Bd3 Re8 10. O-O Nf8 11. Rab1 a5 12. a3 Ne4 13. Bxe7 Qxe7 14. b4 Bf5 15.
Nd2 Ng6 16. Bxe4 dxe4 17. Ne2 Nh4 18. Ng3 axb4 19. axb4 Qe6 20. Ra1 h6 21. Rxa8
Rxa8 22. Nxf5 Ra2 23. Qxe4 Qxf5 24. Qxh4 Rxd2 25. Qd8+ Kh7 26. Qc7 Qb5 27. Qxf7
Qxb4 28. Qf5+ Kg8 29. h3 Qb3 30. Kh2 Qc4 31. Ra1 Ra2 32. Qc8+ Kh7 33. Qf5+ Kg8
34. Rxa2 Qxa2 35. e4 Qc4 36. Qc8+ Kh7 37. Qxb7 Qxd4 38. Qxc6 Qxf2 39. Qd6 g5
40. Qe5 Kg6 41. Qe6+ Kg7 42. Qf5 Qe3 43. e5 h5 44. Qd7+ Kg6 45. Qd6+ Kg7 46.
Qf6+ Kg8 47. h4 gxh4 48. Qg6+ Kf8 49. Qd6+ Kf7 50. Qf6+ Ke8 51. Qxh4 Qxe5+ 52.
Qg3 Qxg3+ 53. Kxg3 Kf7 54. Kf4 Kg6 55. g3 Kf6 56. g4 hxg4 57. Kxg4 1/2-1/2

[Event "XXV Festival Conca della Presolana A"]
[Site "Bratto - Castione della Presolana ITA"]
[Date "2005.08.27"]
[Round "8"]
[White "Cardini, Saverio"]
[Black "Buono, Michele"]
[Result "1/2-1/2"]
[WhiteElo "2010"]
[BlackElo "2133"]
[PlyCount "72"]
[EventDate "2005.08.20"]

1. d4 d5 2. Nf3 Nf6 3. Bf4 c6 4. c3 Bf5 5. e3 Qb6 6. Qb3 Nbd7 7. h3 h6 8. Nbd2
e6 9. Be2 Be7 10. O-O O-O 11. Rac1 Rfc8 12. c4 Bg6 13. c5 Qxb3 14. Nxb3 b5 15.
Na5 a6 16. Nb7 Ra7 17. Nd6 Rd8 18. a3 Ne8 19. Ne5 Nxe5 20. dxe5 f6 21. Bg4 Nc7
22. h4 fxe5 23. Bxe5 Bxh4 24. Rfd1 Rf8 25. g3 Bf6 26. f4 Bxe5 27. fxe5 a5 28.
Rd4 Bf5 29. Be2 Raa8 30. Rf1 a4 31. Rdf4 Na6 32. Nb7 Rab8 33. Na5 g5 34. R4f2
Nxc5 35. Nxc6 Rb6 36. Ne7+ Kh7 1/2-1/2

[Event "XXV Festival Conca della Presolana A"]
[Site "Bratto - Castione della Presolana ITA"]
[Date "2005.08.27"]
[Round "8"]
[White "Castaldo, Folco"]
[Black "Ranieri, Fabrizio"]
[Result "1/2-1/2"]
[WhiteElo "2352"]
[BlackElo "2204"]
[PlyCount "55"]
[EventDate "2005.08.20"]

1. e4 e6 2. d4 d5 3. Nd2 Nf6 4. e5 Nfd7 5. Bd3 c5 6. c3 Nc6 7. Ne2 cxd4 8. cxd4
f6 9. exf6 Nxf6 10. O-O Bd6 11. Nf3 O-O 12. Bf4 Bxf4 13. Nxf4 Ne4 14. Qc1 Ng5
15. Nxg5 Qxg5 16. Bxh7+ Kxh7 17. Nxe6 Qxc1 18. Nxf8+ Kg8 19. Raxc1 Kxf8 20.
Rfe1 Kf7 21. f3 Bf5 22. Kf2 Rh8 23. h3 Kf6 24. Red1 g5 25. Rc3 Bg6 26. a3 a6
27. b4 Ke6 28. Rd2 1/2-1/2

[Event "XXV Festival Conca della Presolana A"]
[Site "Bratto - Castione della Presolana ITA"]
[Date "2005.08.27"]
[Round "8"]
[White "Cazzaniga, Walter"]
[Black "Di Donato, Giovanni"]
[Result "1-0"]
[WhiteElo "2123"]
[BlackElo "1999"]
[PlyCount "77"]
[EventDate "2005.08.20"]

1. d4 d5 2. c4 c6 3. Nf3 Nf6 4. Nc3 a6 5. c5 Bf5 6. Bf4 Nbd7 7. e3 Nh5 8. Be2
Nxf4 9. exf4 h6 10. O-O Qc7 11. Ne5 Nxe5 12. fxe5 e6 13. f4 b5 14. g4 Bh7 15.
Bd3 O-O-O 16. Bxh7 Rxh7 17. Qd3 g6 18. a4 Qb7 19. axb5 axb5 20. Ra5 Kd7 21.
Rfa1 Ke8 22. Ra7 Qb8 23. R7a6 f5 24. Rxc6 Ra7 25. Rxe6+ Kf7 26. Rea6 Rxa6 27.
Rxa6 Qc8 28. Rf6+ Kg7 29. gxf5 b4 30. Rxg6+ Kh8 31. Nb5 Bxc5 32. Rxh6+ Kg7 33.
Rg6+ Kf7 34. e6+ Kf8 35. dxc5 Qxc5+ 36. Qd4 Qc1+ 37. Kg2 Qc2+ 38. Kg3 Ke8 39.
Rg8+ 1-0

[Event "XXV Festival Conca della Presolana A"]
[Site "Bratto - Castione della Presolana ITA"]
[Date "2005.08.27"]
[Round "8"]
[White "Cebalo, Miso"]
[Black "Drazic, Sinisa"]
[Result "1/2-1/2"]
[WhiteElo "2511"]
[BlackElo "2497"]
[PlyCount "89"]
[EventDate "2005.08.20"]

1. d4 Nf6 2. c4 e6 3. Nc3 d5 4. cxd5 Nxd5 5. e4 Nxc3 6. bxc3 c5 7. Nf3 cxd4 8.
cxd4 Bb4+ 9. Bd2 Qa5 10. Rb1 Bxd2+ 11. Qxd2 Qxd2+ 12. Kxd2 b6 13. Bb5+ Bd7 14.
a4 Bxb5 15. axb5 Nd7 16. Rhc1 Kd8 17. Ra1 Re8 18. e5 f6 19. Rc6 Ke7 20. Re1 Kf7
21. Rc7 Re7 22. Ra1 Nf8 23. Rxe7+ Kxe7 24. Ke3 Ng6 25. exf6+ gxf6 26. Nd2 e5
27. dxe5 Nxe5 28. f4 Nd7 29. Ne4 f5 30. Nd2 h5 31. Nf3 Nc5 32. Ne5 a5 33. bxa6
Rxa6 34. Rxa6 Nxa6 35. Kd4 Ke6 36. Nc4 b5 37. Ne3 h4 38. g3 hxg3 39. hxg3 Kf6
40. Kd5 b4 41. Kc4 Kg6 42. Nd1 Kh5 43. Nf2 Kg6 44. Nd3 Kh5 45. Nf2 1/2-1/2

[Event "XXV Festival Conca della Presolana A"]
[Site "Bratto - Castione della Presolana ITA"]
[Date "2005.08.27"]
[Round "8"]
[White "Cedriano, Filippo"]
[Black "Baldazzi, Stefano"]
[Result "1-0"]
[WhiteElo "2005"]
[BlackElo "2165"]
[PlyCount "61"]
[EventDate "2005.08.20"]

1. Nf3 c5 2. c4 g6 3. Nc3 Bg7 4. e4 Nc6 5. d3 d6 6. g3 Nd4 7. Nxd4 cxd4 8. Ne2
e5 9. Bg2 Ne7 10. O-O O-O 11. f4 Rb8 12. fxe5 dxe5 13. b4 Be6 14. a4 Qd7 15.
Kh1 f5 16. Ng1 h6 17. Bd2 Rf7 18. Qe2 Rbf8 19. exf5 Bxf5 20. b5 Bg4 21. Bf3
Bxf3+ 22. Rxf3 Rxf3 23. Nxf3 Qg4 24. Rf1 Rf7 25. Rf2 Nf5 26. Ng1 Qxe2 27. Rxe2
Re7 28. Nh3 Kf7 29. Nf2 Ke6 30. Ne4 Nd6 31. Nxd6 1-0

[Event "XXV Festival Conca della Presolana A"]
[Site "Bratto - Castione della Presolana ITA"]
[Date "2005.08.27"]
[Round "8"]
[White "Cereda, Loris"]
[Black "Pulvirenti, Gianni"]
[Result "1/2-1/2"]
[WhiteElo "2059"]
[BlackElo "1965"]
[PlyCount "79"]
[EventDate "2005.08.20"]

1. e4 d5 2. exd5 Nf6 3. Nc3 Nxd5 4. Bc4 Nf6 5. Nf3 Bf5 6. d4 e6 7. Ne5 c6 8.
Bf4 Bb4 9. O-O O-O 10. Ne2 Nbd7 11. c3 Ba5 12. Ng3 Bg6 13. Qe2 Nxe5 14. Bxe5
Re8 15. f4 Nd5 16. f5 exf5 17. Qf3 f4 18. Bxf4 Qd7 19. Bg5 Bc7 20. Rae1 h6 21.
Bd2 Qd6 22. Bd3 Rad8 23. c4 Nf6 24. Bxg6 fxg6 25. Bc3 Rf8 26. Qd3 Kh7 27. Re2
Rde8 28. Ref2 Ng4 29. Rxf8 Rxf8 30. Rxf8 Qxf8 31. Qf3 Nf6 32. Ne4 Qe7 33. Nxf6+
gxf6 34. d5 cxd5 35. Qxd5 Qe3+ 36. Kf1 Qf4+ 37. Ke2 Qg4+ 38. Kf1 Qf4+ 39. Ke2
Qg4+ 40. Kf1 1/2-1/2

[Event "XXV Festival Conca della Presolana A"]
[Site "Bratto - Castione della Presolana ITA"]
[Date "2005.08.27"]
[Round "8"]
[White "Contin, Daniel"]
[Black "Caruso, Augusto"]
[Result "1-0"]
[WhiteElo "2393"]
[BlackElo "2259"]
[PlyCount "79"]
[EventDate "2005.08.20"]

1. c4 Nf6 2. Nf3 c5 3. g3 Nc6 4. Bg2 d5 5. cxd5 Nxd5 6. Nc3 Nc7 7. Qa4 Bd7 8.
Qe4 g6 9. Ne5 f5 10. Qf4 Nd4 11. Nxd7 Nce6 12. Qe5 Bg7 13. Qd5 Qxd7 14. Qxb7
Qxb7 15. Bxb7 Rb8 16. Bd5 Nc7 17. Kd1 Nxd5 18. Nxd5 Kf7 19. d3 c4 20. dxc4 Rhd8
21. e3 e6 22. exd4 exd5 23. Bg5 Rd7 24. c5 Rxb2 25. Be3 Rb4 26. Ke2 Bxd4 27.
Rab1 Rc4 28. Rhc1 Bxe3 29. Kxe3 Re4+ 30. Kd3 Ke7 31. f3 Ra4 32. Rb8 Ra3+ 33.
Kd4 Ra4+ 34. Ke5 Rxa2 35. c6 Re2+ 36. Kd4 Rc7 37. Kxd5 Re6 38. Re8+ Kxe8 39.
Kxe6 Kd8 40. Kd6 1-0

[Event "XXV Festival Conca della Presolana A"]
[Site "Bratto - Castione della Presolana ITA"]
[Date "2005.08.27"]
[Round "8"]
[White "Costantini, Roberto"]
[Black "Bartolozzi, Roberto"]
[Result "1-0"]
[WhiteElo "2291"]
[BlackElo "2126"]
[PlyCount "77"]
[EventDate "2005.08.20"]

1. e4 e6 2. d4 d5 3. Nc3 Bb4 4. e5 Ne7 5. a3 Bxc3+ 6. bxc3 c5 7. h4 Nbc6 8. h5
h6 9. Nf3 Qa5 10. Bd2 c4 11. g3 Bd7 12. Bh3 O-O-O 13. O-O Kb8 14. a4 Ka8 15.
Re1 Rdf8 16. Qc1 f5 17. exf6 Rxf6 18. Ne5 Nxe5 19. Rxe5 Nc6 20. Re2 Rhf8 21.
Qa3 Qc7 22. Rae1 Nd8 23. Bf4 Qc6 24. a5 Re8 25. Be5 Rf7 26. Ra1 Qc8 27. Qd6 Nc6
28. Bf4 e5 29. Qxd5 Rfe7 30. Bxd7 Rxd7 31. Qe4 Rde7 32. dxe5 Nxe5 33. Bxe5 Rxe5
34. Qxe5 Rxe5 35. Rxe5 a6 36. Rd1 Qc7 37. Rdd5 Ka7 38. Re8 b6 39. Red8 1-0

[Event "XXV Festival Conca della Presolana A"]
[Site "Bratto - Castione della Presolana ITA"]
[Date "2005.08.27"]
[Round "8"]
[White "De Santis, Alessio"]
[Black "Bellia, Fabrizio"]
[Result "0-1"]
[WhiteElo "2251"]
[BlackElo "2375"]
[PlyCount "132"]
[EventDate "2005.08.20"]

1. d4 d5 2. c4 e6 3. Nc3 Nf6 4. cxd5 exd5 5. Bg5 Be7 6. e3 c6 7. Qc2 Nbd7 8.
Bd3 O-O 9. Nge2 Re8 10. O-O Nf8 11. f3 Be6 12. e4 dxe4 13. fxe4 Ng4 14. Bxe7
Qxe7 15. Rf3 c5 16. Rg3 cxd4 17. Nxd4 Qh4 18. Nf3 Qd8 19. h3 Qb6+ 20. Kh1 Nf2+
21. Kh2 Nxd3 22. Qxd3 Rad8 23. Nd5 Bxd5 24. exd5 Qxb2 25. Rd1 Rd6 26. Nd4 Rg6
27. Rd2 Qb6 28. Nf5 Re1 29. Qd4 Qxd4 30. Rxd4 Rxg3 31. Kxg3 g6 32. Nd6 Rb1 33.
Nc8 a6 34. d6 Nd7 35. Rc4 Kf8 36. Rc7 Ke8 37. Ne7 Nf6 38. Kf4 Rd1 39. Rxb7 Rxd6
40. Nc8 Re6 41. Kg5 Ng8 42. Nb6 Kf8 43. Nd7+ Kg7 44. Rb6 Re4 45. g4 h6+ 46. Kh4
Re3 47. g5 h5 48. Nf6 Nxf6 49. Rxf6 Re4+ 50. Kg3 h4+ 51. Kf3 Ra4 52. Rf4 Rxf4+
53. Kxf4 f5 54. a4 a5 55. Ke5 Kf8 56. Kd4 Ke8 57. Kc4 Ke7 58. Kd5 Kd7 59. Ke5
Kc6 60. Kf6 f4 61. Kxg6 f3 62. Kh7 f2 63. g6 f1=Q 64. g7 Qf7 65. Kh8 Qh5+ 66.
Kg8 Kd7 0-1

[Event "XXV Festival Conca della Presolana A"]
[Site "Bratto - Castione della Presolana ITA"]
[Date "2005.08.27"]
[Round "8"]
[White "Defend, Guerrino"]
[Black "Pieri, Enzo"]
[Result "0-1"]
[WhiteElo "2000"]
[BlackElo "1959"]
[PlyCount "124"]
[EventDate "2005.08.20"]

1. d4 d5 2. Nf3 Nf6 3. Bf4 e6 4. e3 Be7 5. h3 Nbd7 6. Bd3 c5 7. c3 O-O 8. Nbd2
c4 9. Bc2 b5 10. a3 Bb7 11. O-O a5 12. Qe2 Ne4 13. Nxe4 dxe4 14. Nd2 f5 15. b3
cxb3 16. Bxb3 Rf6 17. Qxb5 Ba6 18. Qc6 Bxf1 19. Bxe6+ Kh8 20. Qxd7 Qxd7 21.
Bxd7 Bd3 22. Bg5 Rf7 23. Be6 Bxg5 24. Bxf7 Rc8 25. c4 f4 26. Re1 fxe3 27. fxe3
Rf8 28. Bd5 Bh4 29. Rd1 Bf2+ 30. Kh1 Be2 31. Rb1 Bxe3 32. Nxe4 Bxd4 33. Re1 Be5
34. Ng5 Bg3 35. Nf7+ Rxf7 36. Rb1 Rf1+ 37. Rxf1 Bxf1 38. Kg1 Bd3 39. a4 g5 40.
Be6 Kg7 41. Bd5 Kf6 42. Bg8 h6 43. Bd5 Ke5 44. Bf7 Kd4 45. Bg8 Bxc4 46. Bh7 Kc3
47. Bg6 Kb4 48. Be8 Bb3 49. Bd7 Bxa4 50. Be6 Bb3 51. Bd7 a4 52. Bxa4 Bxa4 53.
Kh1 Bb5 54. Kg1 Kc5 55. Kh1 Kd5 56. Kg1 Ke4 57. Kh1 Kf4 58. Kg1 Be1 59. Kh2 Bc6
60. h4 Bxh4 61. g3+ Bxg3+ 62. Kh3 g4# 0-1

[Event "XXV Festival Conca della Presolana A"]
[Site "Bratto - Castione della Presolana ITA"]
[Date "2005.08.27"]
[Round "8"]
[White "Dervishi, Erald"]
[Black "Atalik, Suat"]
[Result "1/2-1/2"]
[WhiteElo "2482"]
[BlackElo "2561"]
[PlyCount "97"]
[EventDate "2005.08.20"]

1. e4 c5 2. Nf3 d6 3. d4 cxd4 4. Nxd4 Nf6 5. Nc3 a6 6. Be2 e5 7. Nb3 Be7 8. O-O
O-O 9. Kh1 Nc6 10. f4 b5 11. Bf3 Na5 12. Nxa5 Qxa5 13. fxe5 dxe5 14. Bg5 Bb7
15. a3 Qd8 16. Bxf6 Bxf6 17. Qe1 Rc8 18. Rd1 Qe7 19. Bg4 Rcd8 20. Bf3 Rxd1 21.
Nxd1 Bg5 22. Nf2 Rc8 23. Qe2 Qc7 24. c3 Qc4 25. Nd3 f5 26. Nxe5 Qxe2 27. Bxe2
fxe4 28. a4 Bf6 29. Nd7 bxa4 30. Nxf6+ gxf6 31. Rxf6 Bd5 32. Rd6 Bf7 33. Rd4 a3
34. bxa3 Rxc3 35. h4 e3 36. Rd3 Rxd3 37. Bxd3 Bb3 38. Kg1 a5 39. Kf1 Kg7 40.
Bf5 h6 41. g4 Kf6 42. Ke2 Bf7 43. Bc8 Ke5 44. Kxe3 Bg6 45. Ba6 Bc2 46. Bd3 Bxd3
47. Kxd3 Kf4 48. g5 hxg5 49. hxg5 1/2-1/2

[Event "XXV Festival Conca della Presolana A"]
[Site "Bratto - Castione della Presolana ITA"]
[Date "2005.08.27"]
[Round "8"]
[White "Di Paolo, Raffaele"]
[Black "Miatello, Alberto"]
[Result "1-0"]
[WhiteElo "2271"]
[BlackElo "2095"]
[PlyCount "81"]
[EventDate "2005.08.20"]

1. e4 c5 2. Nf3 e6 3. d4 cxd4 4. Nxd4 Nc6 5. Nc3 a6 6. Nxc6 bxc6 7. Bd3 d5 8.
O-O Nf6 9. Qe2 Be7 10. b3 Qc7 11. e5 Nd7 12. f4 Nc5 13. Be3 Nxd3 14. cxd3 c5
15. d4 Bd7 16. Kh1 Qa7 17. Qf2 Rc8 18. Rfc1 c4 19. f5 g6 20. fxe6 fxe6 21. Bh6
Bf8 22. Qf6 Rg8 23. Rf1 Bxh6 24. Qf7+ Kd8 25. Qxg8+ Kc7 26. Qxh7 Qxd4 27. Qxh6
Qxc3 28. bxc4 dxc4 29. Rac1 Qxe5 30. Rxc4+ Bc6 31. Rfc1 Kb8 32. Rb1+ Ka8 33.
Qd2 Qf5 34. Rcb4 Rf8 35. Qe2 Bb5 36. Qe3 Qd5 37. Rxb5 Qxb5 38. Rxb5 Rf1+ 39.
Qg1 Rxg1+ 40. Kxg1 axb5 41. h4 1-0

[Event "XXV Festival Conca della Presolana A"]
[Site "Bratto - Castione della Presolana ITA"]
[Date "2005.08.27"]
[Round "8"]
[White "Drasko, Milan"]
[Black "Ardaman, Miles"]
[Result "1-0"]
[WhiteElo "2516"]
[BlackElo "2308"]
[PlyCount "71"]
[EventDate "2005.08.20"]

1. Nf3 b5 2. g3 Bb7 3. Bg2 e6 4. O-O f5 5. d3 Nf6 6. e4 fxe4 7. Ng5 Nc6 8. Nxe4
Nxe4 9. dxe4 a6 10. a4 b4 11. a5 Qf6 12. Nd2 Be7 13. Nc4 O-O-O 14. Bd2 h5 15.
c3 d5 16. exd5 exd5 17. Ne3 d4 18. Nd5 Rxd5 19. Bxd5 Rd8 20. c4 Rxd5 21. cxd5
Ne5 22. Bf4 Ng4 23. Qc2 Bd8 24. Rac1 Bxd5 25. Bxc7 Qf3 26. Bb6+ Kd7 27. Qc8+
Ke8 28. Qxd8+ Kf7 29. Rc7+ Kg6 30. Qe8+ Kf5 31. Qxh5+ Ke6 32. Re1+ Kd6 33. Rd7+
Kxd7 34. Qe8+ Kd6 35. Qe7+ Kc6 36. Qc5+ 1-0

[Event "XXV Festival Conca della Presolana A"]
[Site "Bratto - Castione della Presolana ITA"]
[Date "2005.08.27"]
[Round "8"]
[White "Dvirnyy, Danyyil"]
[Black "Ori, Marco"]
[Result "1-0"]
[WhiteElo "2141"]
[BlackElo "2087"]
[PlyCount "43"]
[EventDate "2005.08.20"]

1. e4 c6 2. d4 d5 3. Nc3 dxe4 4. Bc4 Nf6 5. f3 exf3 6. Nxf3 e6 7. Bg5 Be7 8.
O-O O-O 9. Qe1 Qc7 10. Bd3 Nbd7 11. Qh4 g6 12. Ne5 Nxe5 13. dxe5 Bc5+ 14. Kh1
Ne8 15. Ne4 Qxe5 16. Nf6+ Nxf6 17. Bxf6 Qh5 18. Qxh5 gxh5 19. Rf3 Bd6 20. Rd1
Re8 21. Be4 Bc5 22. Rg3+ 1-0

[Event "XXV Festival Conca della Presolana A"]
[Site "Bratto - Castione della Presolana ITA"]
[Date "2005.08.27"]
[Round "8"]
[White "Fuggetta, Leonardo"]
[Black "Bonazzi, Edoardo"]
[Result "1/2-1/2"]
[WhiteElo "2048"]
[BlackElo "2143"]
[PlyCount "50"]
[EventDate "2005.08.20"]

1. Nf3 c5 2. c4 Nc6 3. d4 cxd4 4. Nxd4 Nf6 5. Nc3 g6 6. g3 Bg7 7. Bg2 O-O 8.
O-O Nxd4 9. Qxd4 d6 10. Qd3 Be6 11. Bd2 Rb8 12. b3 a6 13. Rac1 Qd7 14. a4 Bh3
15. Rfd1 Bxg2 16. Kxg2 b6 17. e4 Qb7 18. Nd5 Rfe8 19. Nxf6+ Bxf6 20. f3 Rec8
21. Qd5 Rc5 22. Qd3 Rbc8 23. Be3 R5c6 24. Rc2 R8c7 25. Rdc1 a5 1/2-1/2

[Event "XXV Festival Conca della Presolana A"]
[Site "Bratto - Castione della Presolana ITA"]
[Date "2005.08.27"]
[Round "8"]
[White "Giretti Kanev, Jasen"]
[Black "Rendle, Thomas E."]
[Result "0-1"]
[WhiteElo "2183"]
[BlackElo "2358"]
[PlyCount "110"]
[EventDate "2005.08.20"]

1. d4 e6 2. e4 d5 3. exd5 exd5 4. Nf3 Bd6 5. Bd3 Ne7 6. Bg5 Bg4 7. h3 Bh5 8.
Nc3 f6 9. Be3 c6 10. g4 Bg6 11. Nh4 Qb6 12. Nxg6 hxg6 13. Na4 Qc7 14. Qd2 Nd7
15. O-O-O g5 16. h4 Rxh4 17. Rxh4 gxh4 18. f4 O-O-O 19. Rh1 Rh8 20. Kb1 b6 21.
Qe1 Kb7 22. Rh3 Nf8 23. f5 g5 24. Qf1 Nd7 25. Ba6+ Ka8 26. Bf2 Nb8 27. Be2 Nd7
28. b3 b5 29. Nb2 b4 30. c4 bxc3 31. Rxc3 Bb4 32. Rh3 Nc8 33. Qc1 Nd6 34. Bf3
Nb5 35. Be2 Na3+ 36. Ka1 Re8 37. Bf1 Be1 38. Be3 Bg3 39. Bd3 Nb6 40. Nd1 Qd8
41. Nc3 Qe7 42. Bd2 Kb7 43. Rh1 Bf2 44. Ne2 Be3 45. Kb2 Nac4+ 46. bxc4 dxc4 47.
Nc3 cxd3 48. Bxe3 Qxe3 49. Kb3 Qxd4 50. Rd1 h3 51. Qd2 Qc4+ 52. Ka3 h2 53. Rc1
a5 54. Kb2 Qb4+ 55. Ka1 Re2 0-1

[Event "XXV Festival Conca della Presolana A"]
[Site "Bratto - Castione della Presolana ITA"]
[Date "2005.08.27"]
[Round "8"]
[White "Godena, Michele"]
[Black "Shytaj, Luca"]
[Result "1-0"]
[WhiteElo "2522"]
[BlackElo "2395"]
[PlyCount "63"]
[EventDate "2005.08.20"]

1. e4 c5 2. c3 Nf6 3. e5 Nd5 4. Nf3 e6 5. Bc4 d6 6. d4 cxd4 7. cxd4 Nc6 8. O-O
Be7 9. Qe2 O-O 10. Rd1 Na5 11. b3 dxe5 12. dxe5 Qc7 13. Bxd5 exd5 14. Ba3 Be6
15. Bxe7 Qxe7 16. Nc3 Rfd8 17. Qb5 Nc6 18. Nxd5 Bxd5 19. Rxd5 Rxd5 20. Qxd5 Rd8
21. Qe4 h6 22. Re1 Qe6 23. h3 Rd5 24. Kh2 g6 25. g3 Kg7 26. Kg2 Rc5 27. h4 Ra5
28. Re2 Rc5 29. Qf4 Rc3 30. Rd2 h5 31. Ng5 Qe7 32. Qf6+ 1-0

[Event "XXV Festival Conca della Presolana A"]
[Site "Bratto - Castione della Presolana ITA"]
[Date "2005.08.27"]
[Round "8"]
[White "Gosio, Denis"]
[Black "Buchicchio, Giampaolo"]
[Result "1-0"]
[WhiteElo "2152"]
[BlackElo "2326"]
[PlyCount "51"]
[EventDate "2005.08.20"]

1. e4 c5 2. Nf3 e6 3. d4 cxd4 4. Nxd4 Nf6 5. Nc3 Nc6 6. Ndb5 d6 7. Bf4 e5 8.
Bg5 a6 9. Na3 b5 10. Bxf6 gxf6 11. Nd5 f5 12. c3 Bg7 13. exf5 Bxf5 14. Nc2 O-O
15. Nce3 Be6 16. g3 f5 17. Qh5 b4 18. Bg2 bxc3 19. bxc3 Rb8 20. O-O Ne7 21.
Rab1 Rxb1 22. Rxb1 e4 23. Rb8 Bc8 24. Bh3 Kh8 25. Nxe7 Qxe7 26. Rxc8 1-0

[Event "XXV Festival Conca della Presolana A"]
[Site "Bratto - Castione della Presolana ITA"]
[Date "2005.08.27"]
[Round "8"]
[White "Gromovs, Sergejs"]
[Black "Lalic, Bogdan"]
[Result "1/2-1/2"]
[WhiteElo "2375"]
[BlackElo "2491"]
[PlyCount "64"]
[EventDate "2005.08.20"]

1. d4 Nf6 2. Nf3 e6 3. c4 b6 4. a3 Ba6 5. Qc2 Bb7 6. Nc3 c5 7. d5 exd5 8. cxd5
Nxd5 9. Nxd5 Bxd5 10. e4 Be6 11. Qc3 Qf6 12. e5 Qg6 13. Ng5 Be7 14. Qf3 Nc6 15.
Bd3 f5 16. exf6 Qxf6 17. Bf4 Rf8 18. Nxe6 Qxe6+ 19. Kf1 Qf6 20. g3 g5 21. Qh5+
Kd8 22. Be3 Qe5 23. Qe2 Qd6 24. Rg1 Kc7 25. Rd1 Qe6 26. g4 Rad8 27. Bf5 Qe5 28.
Rg3 h5 29. b4 cxb4 30. axb4 hxg4 31. Bxg4 Bxb4 32. Bf3 Bc5 1/2-1/2

[Event "XXV Festival Conca della Presolana A"]
[Site "Bratto - Castione della Presolana ITA"]
[Date "2005.08.27"]
[Round "8"]
[White "Guido, Flavio"]
[Black "Aglietti, Graziano"]
[Result "1-0"]
[WhiteElo "2305"]
[BlackElo "2048"]
[PlyCount "25"]
[EventDate "2005.08.20"]

1. e4 Nf6 2. e5 Nd5 3. d4 d6 4. Nf3 Bf5 5. Bd3 Qd7 6. O-O Nc6 7. c4 Ndb4 8.
Bxf5 Qxf5 9. d5 Nc2 10. dxc6 Nxa1 11. cxb7 Rb8 12. Qa4+ c6 13. Qxa7 1-0

[Event "XXV Festival Conca della Presolana A"]
[Site "Bratto - Castione della Presolana ITA"]
[Date "2005.08.27"]
[Round "8"]
[White "Lanzani, Mario"]
[Black "Sedina, Elena"]
[Result "1/2-1/2"]
[WhiteElo "2356"]
[BlackElo "2402"]
[PlyCount "31"]
[EventDate "2005.08.20"]

1. e4 e6 2. d4 d5 3. Nc3 Bb4 4. e5 c5 5. a3 Bxc3+ 6. bxc3 Ne7 7. Nf3 Qc7 8. h4
b6 9. h5 h6 10. Bd3 Ba6 11. dxc5 Bxd3 12. cxd3 Nd7 13. d4 bxc5 14. O-O Rc8 15.
a4 O-O 16. Ba3 1/2-1/2